00632nam a2200193 i 4500001000300000003000400003005001700007008003900024040000800063041000800071080000800079080001000087100004100097245010700138260005600245655002600301650001400327856009700341bgBPK20200117105007.0 s1971 pl a f f |000 0 pol cBPK apol a531 a(076)1 aRomicki, Romualdd(1901-1979)eAutor10aRozwiązania zadań z mechaniki :bzbioru zadań I.W. Mieszczerskiego : [tekst] /cRomuald Romicki. aWarszawa :bPaństwowe Wydawnictwo Naukowe,c1971. 4aĆwiczenia i zadania 4aMechanika uhttp://koha.tu.koszalin.pl/cgi-bin/koha/opac-detail.pl?biblionumber=7368yKatalog online BPK